000 00888nam a2200229 a 4500
008 120416s2000 ||||||||||||||||| || u
020 _a0471332178
050 _aTD 657 Ada
100 _aAdams, Barry J
245 1 0 _aUrban stormwater management planning with analytical probablistic models
260 _aNew York
_bJohn Wiley and Sons
_c2000
300 _axviii, 358p. : ill.
350 _a0.00
650 _aURBAN RUNOFF--MANAGEMENT
650 _aURBAN RUNOFF--MATHEMATICAL MODELS
650 _aWATER
650 _aStorm sewers--Mathematical models
700 _aPapa, Fabian
856 _uhttp://www.loc.gov/catdir/toc/onix03/99042176.html
856 _uhttp://www.loc.gov/catdir/description/wiley037/99042176.html
995 _D0.00
_FCBU-MAIN LIBRARY (Kitwe)
_H1
_I24.95
_M1
_UAVAILABLE
_ZMain Library Open Access Collection
999 _c61076
_d61076